Otros tres casos famosos / (Record no. 136012)

MARC details
000 -LEADER
campo de control de longitud fija 00782nam a2200217 4500
001 - NÚMERO DE CONTROL
campo de control 136012
003 - IDENTIFICADOR DE NÚMERO DE CONTROL
campo de control ES-MaACL
005 - FECHA Y HORA DE LA ÚLTIMA TRANSACCIÓN
campo de control 20230906195020.0
007 - CAMPO FIJO DE DESCRIPCIÓN FÍSICA--INFORMACIÓN GENERAL
campo de control de longitud fija t|
008 - DATOS DE LONGITUD FIJA--INFORMACIÓN GENERAL
campo de control de longitud fija 070214s1970 sp r ||||1| spa d
100 1# - ENTRADA PRINCIPAL--NOMBRE DE PERSONA
Nombre de persona Ruiz de Larramendi, Carlos.
9 (RLIN) 100757
245 10 - MENCIÓN DEL TÍTULO
Título Otros tres casos famosos /
Mención de responsabilidad, etc. Carlos Ruiz de Larramendi.
250 ## - MENCION DE EDICION
Mención de edición 1ª ed.
260 ## - PUBLICACIÓN, DISTRIBUCIÓN, ETC.
Lugar de publicación, distribución, etc. Barcelona :
Nombre del editor, distribuidor, etc. Aura,
Fecha de publicación, distribución, etc. 1970.
300 ## - DESCRIPCIÓN FÍSICA
Extensión 139 p. ;
Dimensiones 20 cm.
500 ## - NOTA GENERAL
Nota general Contiene: Lo que nunca se ha escrito ; Un asunto criminal que se tramitó por lo civil ; La asociación de trabucaires de Perpignan.
740 0# - ENTRADA AGREGADA--TÍTULO RELACIONADO/ANALÍTICO NO CONTROLADO
Título relacionado o analítico no controlado Lo que nunca se ha escrito.
740 0# - ENTRADA AGREGADA--TÍTULO RELACIONADO/ANALÍTICO NO CONTROLADO
Título relacionado o analítico no controlado Un asunto criminal que se tramitó por lo civil.
740 0# - ENTRADA AGREGADA--TÍTULO RELACIONADO/ANALÍTICO NO CONTROLADO
Título relacionado o analítico no controlado La asociación de trabucaires de Perpignan.
852 ## - LOCALIZACIÓN
Ubicación ES-MaACL
Número de control de estantería C-45835
Sublocalización o colección R.76516
Holdings
Estatus retirado Estado de pérdida Estado de daño No para préstamo Biblioteca de origen Biblioteca actual Ubicación en estantería Fecha de adquisición Fuente de adquisición Total de préstamos Signatura topográfica completa Código de barras Visto por última vez Precio de reemplazo Tipo de ítem Koha
        Biblioteca del Ateneo de Madrid Biblioteca del Ateneo de Madrid Depósito 2 17/01/2008     C-45835 1141559 23/02/2023 23/02/2023 Libro impreso